000 00363nam a2200145 i 4500
001 bg
100 1 _aCHALIMONIUK, Roman
245 0 _aRyzyko uspołecznionego wykonawcy budowlanego /
_cRoman Chalimoniuk.
260 _aWrocław,
_c1979.
040 _cBPK
041 _apol
080 _a349.442(438)
942 _cKS
008 s pl f |000 0 pol
999 _c18960
_d18960
856 _uhttp://koha.tu.koszalin.pl/cgi-bin/koha/opac-detail.pl?biblionumber=18960
_yKatalog online BPK